00301nam a2200121Ia 4500008004100000100002000041245003100061260003400092300000900126650002000135942000700155999001700162190216s9999||||xx |||||||||||||| ||und|| aRadhakrishnan C 0aMunpe Parakkunna Pakshikal b"Hi Tech Books , Kochi"c1989 a515p aMalayalam Novel cBK c26681d26681